000 00303nam a2200133Ia 4500
008 191201s2004 xx 000 0 und d
100 _aVISHAL, S
245 0 _aAuto CAD
250 _a2nd
260 _aN.Delhi
_bDhanpat Rai Pub (P) Ltd
_c2004
300 _a276
650 _aB.Tech(ME)
942 _2ddc
_cBK
999 _c1675
_d1675